| 000 -LEADER |
| fixed length control field |
00706nam a22000977a 4500 |
| 008 - FIXED-LENGTH DATA ELEMENTS--GENERAL INFORMATION |
| fixed length control field |
160312b xxu||||| |||| 00| 0 eng d |
| 100 ## - MAIN ENTRY--AUTHOR'S NAME |
| Author's Name |
Riemer, Karl Heinz |
| 245 ## - TITLE STATEMENT |
| Title |
Zensurpost aus dem III. Reich (Censorship Third Reich) |
| Remainder of title |
Die Uberwachung des Auslandbriefverkehrs wahrend des II. Weltkrieges durch deutsche Dienststellen |
| 260 ## - PUBLICATION, DISTRIBUTION, ETC. (IMPRINT) |
| Place of publication, distribution, etc. |
Dusseldorf, Germany |
| Name of publisher, distributor, etc. |
Poststempelgilde "Rhein-Donau" e.V., |
| Date of publication, distribution, etc. |
1966 |
| 650 ## - TOPICAL TERM (Tag) |
| Topical term or geographic name |
Germany | Censored Mail | World War II, 1939-1945 | Postal History | Postal Markings | Military Mail | Postal Control Offices | Exchange Control Markings | International Mail | Postal Laws and Regulations | Postal Service | Laws and Regulations | Prisoner-of-War and Internee Mail | Machine Cancels |